Faiz ka tasawur-e-inqilab / (Record no. 614328)

000 -LEADER
fixed length control field 00635nam a22001937a 4500
020 ## - INTERNATIONAL STANDARD BOOK NUMBER
International Standard Book Number 9693532325
082 ## - DEWEY DECIMAL CLASSIFICATION NUMBER
Classification number 923.4
Author Mark MAL
100 ## - MAIN ENTRY--PERSONAL NAME
Personal name Malik, Fateh Muhammad,
245 ## - TITLE STATEMENT
Title Faiz ka tasawur-e-inqilab /
Statement of responsibility, etc. Fateh Muhammad Malik.
260 ## - PUBLICATION, DISTRIBUTION, ETC.
Place of publication, distribution, etc. Lahore:
Name of publisher, distributor, etc. Sang-e-Meel Publications,
Date of publication, distribution, etc. 2019.
300 ## - PHYSICAL DESCRIPTION
Extent 125p.
563 ## - BINDING INFORMATION
Binding note HB
650 ## - SUBJECT ADDED ENTRY--TOPICAL TERM
Topical term or geographic name entry element Urdu poetry
650 ## - SUBJECT ADDED ENTRY--TOPICAL TERM
Topical term or geographic name entry element Politics and literature
880 ## - ALTERNATE GRAPHIC REPRESENTATION
Linkage 100-01\(3\r
Title فیض کا تصورِ انقلاب /
880 ## - ALTERNATE GRAPHIC REPRESENTATION
Linkage 100-02\(3\r
Title فتح محمد ملک۔
880 ## - ALTERNATE GRAPHIC REPRESENTATION
Linkage 100-03\(3\r
Title لاہور :
b سنگ میل پبلیکیشنز،
c 2019.
942 ## - ADDED ENTRY ELEMENTS (KOHA)
Source of classification or shelving scheme
Koha item type Book
650 ## - SUBJECT ADDED ENTRY--TOPICAL TERM
-- 751
650 ## - SUBJECT ADDED ENTRY--TOPICAL TERM
-- 129794
Holdings
Withdrawn status Lost status Source of classification or shelving scheme Damaged status Not for loan Permanent Location Current Location Shelving location Date acquired Source of acquisition Total Checkouts Full call number Barcode Date last seen Price effective from Koha item type
          Central Library (CL) Central Library (CL) Urdu Literature 07/13/2025 Donation   923.4 MAL CL-D-2952 07/14/2025 07/13/2025 Book
© 2023 Central Library, National University of Sciences and Technology. All Rights Reserved.